000 01266cam a22003377a 4500
003 CHAP
005 20220329142605.0
008 020225d2001 mx d r 00110 spa d
010 _a85377
011 _a86349
035 _a96887
040 _cCHAP
090 _aTesis
100 0 0 _aTrujano San Luis, David.
_9115384
245 1 0 _aEvaluación de fertilizaciones orgánicas y químicas sobre la avena forrajera (Avena sativa) en la Comarca Lagunera
_c/por David Trujano San Luis
260 _aBermejillo, Dgo. :
_bEl autor,
_c2001.
300 _a66 h. :
_bgráfs. ; cuadros
502 _aTesis (Ing. Agr. en Sistemas Pecuarios de Zonas Aridas) -- UACH. Unidad Regional Universitaria de Zonas Aridas
590 _aALEPH
_b10
_c20130110
_lUCH01
_h1446
590 _aBATCH-UPD
_b10
_c20130110
_lUCH01
_h1619
590 _aCONVERSION
_b10
_c20130109
_lUCH01
_h1347
650 1 4 _aAvena como forraje.
_98556
650 1 4 _aAvena
_xComarca Lagunera.
_98509
650 1 4 _aAvena
_xRendimiento.
_98539
650 1 4 _aFertilizantes para avena.
_940603
901 _aBK
905 _aMarco A. Mendoza T.
942 _cFOLL
949 _aTesis
_bBC
_cTES
_d33724000860847
_eTS2
_fc.2
_gDonaciØn
_h39316
_i96887
_si
949 _aTesis
_bBC
_cTES
_d968871
_eTS1
_gDonaciØn
_h39315
_i96887
_sb
999 _c85377
_d85377